श्री शिव छत्रपती विजय (Record no. 1073978)

MARC details
000 -LEADER
fixed length control field 00695nam a2200205Ia 4500
008 - FIXED-LENGTH DATA ELEMENTS--GENERAL INFORMATION
fixed length control field 151119s9999||||xx |||||||||||||| ||und||
082 ## - DEWEY DECIMAL CLASSIFICATION NUMBER
Classification number 923.254
082 ## - DEWEY DECIMAL CLASSIFICATION NUMBER
Item number GKKV21144
100 ## - MAIN ENTRY--PERSONAL NAME
Personal name दातार विभा
245 ## - TITLE STATEMENT
Title श्री शिव छत्रपती विजय
260 ## - PUBLICATION, DISTRIBUTION, ETC. (IMPRINT)
Place of publication, distribution, etc 923.254
260 ## - PUBLICATION, DISTRIBUTION, ETC. (IMPRINT)
Name of publisher, distributor, etc साहित्य कलायात्री प्रकाशन
260 ## - PUBLICATION, DISTRIBUTION, ETC. (IMPRINT)
Date of publication, distribution, etc 2001
300 ## - PHYSICAL DESCRIPTION
Extent 279p.
600 ## - SUBJECT ADDED ENTRY--PERSONAL NAME
Personal name दातार विभा
630 ## - SUBJECT ADDED ENTRY--UNIFORM TITLE
Uniform title श्री शिव छत्रपती विजय
700 ## - ADDED ENTRY--PERSONAL NAME
Personal name दातार विभा
730 ## - ADDED ENTRY--UNIFORM TITLE
Uniform title श्री शिव छत्रपती विजय
942 ## - ADDED ENTRY ELEMENTS (KOHA)
Koha item type Book
Holdings
Withdrawn status Lost status Damaged status Not for loan Home library Current library Date acquired Cost, normal purchase price Total Checkouts Full call number Barcode Date last seen Cost, replacement price Price effective from Koha item type
        G.K. Khandekar Vachanalaya, Mulund G.K. Khandekar Vachanalaya, Mulund 07/31/2012 0.00   GKKV21144 GKKV21144 11/19/2015 0.00 11/19/2015 Book